000 00392nam a2200145 4500
001 109364
003 ES-MaACL
005 20230906184828.0
007 t|
008 061121s1910 mx r ||||1| spa d
100 1 _aOlmedo, A.
_986951
245 1 0 _aEn torno del caballito /
_cA. Olmedo.
260 _aMéxico :
_b[s.n.],
_c1910 (
_fImp. de Antonio Enríquez)
852 _aES-MaACL
_jT-1250-F-4
999 _c109364
_d109364